Central Library || Chittagong University

কালামদর্শন / (Record no. 111744)

MARC details
000 -LEADER
fixed length control field 00642nam a22001817a 4500
003 - CONTROL NUMBER IDENTIFIER
control field BD-ChCU
005 - DATE AND TIME OF LATEST TRANSACTION
control field 20260225113654.0
008 - FIXED-LENGTH DATA ELEMENTS--GENERAL INFORMATION
fixed length control field 260225b bg ||||| |||| 00| 0 ben d
020 ## - INTERNATIONAL STANDARD BOOK NUMBER
International Standard Book Number 9789849333890
040 ## - CATALOGING SOURCE
Transcribing agency BD-ChCU
082 ## - DEWEY DECIMAL CLASSIFICATION NUMBER
Edition number 22
Classification number ১৮১.৯ মুসা ৩৫ কা
100 ## - MAIN ENTRY--PERSONAL NAME
Personal name মুসা আল হাফিজ
9 (RLIN) 20593
245 ## - TITLE STATEMENT
Title কালামদর্শন /
Statement of responsibility, etc. মুসা আল হাফিজ
260 ## - PUBLICATION, DISTRIBUTION, ETC.
Place of publication, distribution, etc. ঢাকা :
Name of publisher, distributor, etc. শোভা প্রকাশ,
Date of publication, distribution, etc. ২০২১
300 ## - PHYSICAL DESCRIPTION
Extent ৪১৬পৃ. :
Dimensions ২২ সেমি
650 #0 - SUBJECT ADDED ENTRY--TOPICAL TERM
Topical term or geographic name entry element ইসলামী - দর্শন
9 (RLIN) 20591
942 ## - ADDED ENTRY ELEMENTS (KOHA)
Source of classification or shelving scheme Dewey Decimal Classification
Koha item type Books
Suppress in OPAC No
Holdings
Withdrawn status Lost status Source of classification or shelving scheme Damaged status Not for loan Home library Current library Shelving location Date acquired Source of acquisition Total Checkouts Full call number Barcode Date last seen Price effective from Koha item type
    Dewey Decimal Classification     Chittagong University Library Chittagong University Library Arts and Humanities Reading Room 02/25/2026 ক্রয়কৃত   ১৮১.৯ মুসা ৩৫ কা 334546 02/25/2026 02/25/2026 Books
© Copyright 2026. Chittagong University Library, Installation and Maintenance by Prof. Dr. Md. Alamgir, 01711306253